Model rules and model by-laws under the Bengal municipal act, 1932, corrected up to 30th June, 1963. (Record no. 85319)
[ view plain ]
| 000 -LEADER | |
|---|---|
| fixed length control field | 00836cam a2200253 4500 |
| 001 - CONTROL NUMBER | |
| control field | sa 68013755 |
| 003 - CONTROL NUMBER IDENTIFIER | |
| control field | DLC |
| 005 - DATE AND TIME OF LATEST TRANSACTION | |
| control field | 20260227112625.0 |
| 008 - FIXED-LENGTH DATA ELEMENTS--GENERAL INFORMATION | |
| fixed length control field | 691205s1968 ii k 000 0 eng |
| 010 ## - LIBRARY OF CONGRESS CONTROL NUMBER | |
| LC control number | sa 68013755 |
| 025 ## - OVERSEAS ACQUISITION NUMBER | |
| Overseas acquisition number | PL480:I-E-10704 |
| 040 ## - CATALOGING SOURCE | |
| Original cataloging agency | DLC |
| Transcribing agency | DLC |
| Modifying agency | DLC |
| 050 00 - LIBRARY OF CONGRESS CALL NUMBER | |
| Classification number | KNU8732 |
| Item number | .A33 1968 |
| 082 00 - DEWEY DECIMAL CLASSIFICATION NUMBER | |
| Classification number | 340 |
| 110 1# - MAIN ENTRY--CORPORATE NAME | |
| Corporate name or jurisdiction name as entry element | West Bengal. |
| Subordinate unit | Local Self-Government Department. |
| 245 10 - TITLE STATEMENT | |
| Title | Model rules and model by-laws under the Bengal municipal act, 1932, corrected up to 30th June, 1963. |
| 260 ## - PUBLICATION, DISTRIBUTION, ETC. | |
| Place of publication, distribution, etc. | Alipore, |
| Name of publisher, distributor, etc. | Superintendent, Govt. Print., West Bengal Govt. Press, |
| Date of publication, distribution, etc. | 1968. |
| 300 ## - PHYSICAL DESCRIPTION | |
| Extent | 71 p. |
| Other physical details | forms. |
| Dimensions | 24 cm. |
| 350 ## - PRICE (NR) (BK AM CF MU VM SE) [OBSOLETE] | |
| Price | 1.50 |
| 500 ## - GENERAL NOTE | |
| General note | Cover title. |
| 500 ## - GENERAL NOTE | |
| General note | Includes extracts from legislation. |
| 650 #0 - SUBJECT ADDED ENTRY--TOPICAL TERM | |
| Topical term or geographic name entry element | Ordinances, Municipal |
| Geographic subdivision | West Bengal. |
| 710 1# - ADDED ENTRY--CORPORATE NAME | |
| Corporate name or jurisdiction name as entry element | West Bengal. |
| Form subheading | Laws, statutes, etc. |
No items available.